[Event "Queen's Gambit"]
[Site "SchemingMind.com"]
[Date "2008.03.27"]
[Round "-"]
[White "e_castle3"]
[Black "egis"]
[Result "1-0"]
[WhiteCountry "PHI"]
[BlackCountry "LTU"]
[WhiteElo "1742"]
[WhiteRD "71"]
[BlackElo "1954"]
[BlackRD "77"]
[GameID "147207"]

1. d4 d5 2. c4 c6 3. Nf3 Nf6 4. Nc3 e6 5. Bg5 h6 6. Bh4 Be7 7. e3 O-O 8. Bd3 Nbd7 9. O-O a6 10. a3 b5
11. c5 a5 12. b4 a4 13. Nd2 Bb7 14. f4 Qc7 15. Nf3 Rfd8 16. Bg3 Nh5 17. Be1 Re8 18. Ne5 Nhf6 19. Bh4 Bc8 20. Qf3 Bb7
21. g4 Ba6 22. Ra2 Bd8 23. Rg2 Rb8 24. g5 hxg5 25. Bxg5 Nf8 26. Bh6 g6 27. h4 N6d7 28. h5 Be7 29. hxg6 f5 30. Qh3 Bf6
31. Be2 Rec8 32. Nf7 Bb7 33. Bg5 Bxd4 34. exd4 Nxg6 35. Nd6 Ndf8 36. Nxc8 Rxc8 37. Bf6 Qh7 38. Qxh7+ Kxh7 39. Kf2 Kg8 40. Bh5 Kf7
41. Be5 Rd8 42. Rfg1 Ke7 43. Bxg6 Ba6 44. Bh5 Ng6 45. Rxg6 Rf8 46. Rg7+ Kd8 47. Bf7 Bc8 48. Bf6+ Kc7 49. Rh1 Kb8 50. Be7 Rd8
51. Bxd8 e5 52. fxe5 f4 53. Nxd5 Bd7 54. Bc7+ Kb7 55. Bd6 f3 56. Be8 Ka6 57. Bxd7
1-0

[Event "Queen's Gambit"]
[Site "SchemingMind.com"]
[Date "2008.03.24"]
[Round "-"]
[White "e_castle3"]
[Black "Wolli"]
[Result "0-1"]
[WhiteCountry "PHI"]
[BlackCountry "GER"]
[WhiteElo "1745"]
[WhiteRD "66"]
[BlackElo "1886"]
[BlackRD "75"]
[GameID "147208"]

1. d4 d5 2. c4 e6 3. Nc3 Be7 4. Nf3 Nf6 5. e3 O-O 6. Bd3 dxc4 7. Bxc4 c5 8. O-O cxd4 9. Nxd4 a6 10. a3 b5
11. Bd3 Bb7 12. f3 Nc6 13. Nxc6 Bxc6 14. Qc2 Rc8 15. b4 Qc7 16. Bb2 Bd6 17. g3 Rfd8 18. Rad1 Qb7 19. e4 Be5 20. Qb3 Qa7+
21. Kg2 Qe3 22. Bc1 Qd4 23. Bb2 Bb7 24. Bxb5 Qe3 25. Rxd8+ Rxd8 26. Ba4 Rd2+ 27. Kh1 Ng4 28. fxg4 Bxc3
0-1

[Event "Queen's Gambit"]
[Site "SchemingMind.com"]
[Date "2008.03.24"]
[Round "-"]
[White "e_castle3"]
[Black "TRFz"]
[Result "0-1"]
[WhiteCountry "PHI"]
[BlackCountry "GBR"]
[WhiteElo "1808"]
[WhiteRD "76"]
[BlackElo "2083"]
[BlackRD "55"]
[GameID "147209"]

1. d4 d5 2. c4 e5 3. dxe5 d4 4. Nf3 Nc6 5. a3 f6 6. exf6 Nxf6 7. Bg5 h6 8. Bh4 g5 9. Bg3 Bg7 10. Nbd2 Nh5
11. Nb3 O-O 12. Nfd2 Qe7 13. f3 Bf5 14. Bf2 Nf4 15. h4 Nd3#
0-1

[Event "Queen's Gambit"]
[Site "SchemingMind.com"]
[Date "2008.03.22"]
[Round "-"]
[White "Kenny Elliott"]
[Black "e_castle3"]
[Result "1-0"]
[WhiteCountry "USA"]
[BlackCountry "PHI"]
[WhiteElo "1578"]
[WhiteRD "82"]
[BlackElo "1808"]
[BlackRD "76"]
[GameID "147210"]

1. d4 d5 2. c4 c6 3. Nc3 Nf6 4. Nf3 dxc4 5. Bf4 e6 6. e3 b5 7. g3 Bd6 8. Bg2 Bxf4 9. exf4 O-O 10. O-O Qc7
11. Ne5 Bb7 12. Re1 Nbd7 13. a3 Nd5 14. Be4 f6 15. Qh5 fxe5 16. Bxh7+
1-0

[Event "Queen's Gambit"]
[Site "SchemingMind.com"]
[Date "2008.03.25"]
[Round "-"]
[White "maaac"]
[Black "e_castle3"]
[Result "1-0"]
[WhiteCountry "AUS"]
[BlackCountry "PHI"]
[WhiteElo "1865"]
[WhiteRD "71"]
[BlackElo "1774"]
[BlackRD "75"]
[GameID "147211"]

1. d4 d5 2. c4 c6 3. Nc3 Nf6 4. Nf3 e6 5. Bg5 h6 6. Bh4 g5 7. Bg3 Bg7 8. e3 O-O 9. Bd3 dxc4 10. Bxc4 Nbd7
11. O-O Nb6 12. Bb3 Bd7 13. a4 Rc8 14. a5 Nbd5 15. Ne5 c5 16. Qf3 cxd4 17. exd4 Nxc3 18. bxc3 Bb5 19. Rfe1 Qe7 20. Nxf7 Bc4
21. Bxc4 Rxc4 22. Ne5 Nd5 23. Ng6 Qe8 24. Nxf8 Bxf8 25. Qxd5
1-0

[Event "Queen's Gambit"]
[Site "SchemingMind.com"]
[Date "2008.03.22"]
[Round "-"]
[White "Dr_Pat"]
[Black "e_castle3"]
[Result "1-0"]
[WhiteCountry "USA"]
[BlackCountry "PHI"]
[WhiteElo "1903"]
[WhiteRD "53"]
[BlackElo "1808"]
[BlackRD "76"]
[GameID "147212"]

1. d4 d5 2. c4 c6 3. Nf3 Bg4 4. Ne5 Bh5 5. cxd5 Qxd5 6. Nc3 Qa5 7. Qb3 Qc7 8. g4 Bg6 9. h4 h5 10. Nxg6 fxg6
11. Bf4 Qb6 12. Qe6 Qxb2 13. Rc1 Nd7 14. g5 Ngf6 15. gxf6 gxf6 16. Bh3 Nb6 17. O-O Rd8 18. Ne4 Bg7 19. Bd6 Rd7 20. Bc5 f5
21. Qxg6+ Kf8 22. Qxf5+ Ke8 23. Bxb6
1-0

[Event "Queen's Gambit"]
[Site "SchemingMind.com"]
[Date "2008.03.27"]
[Round "-"]
[White "egis"]
[Black "e_castle3"]
[Result "1-0"]
[WhiteCountry "LTU"]
[BlackCountry "PHI"]
[WhiteElo "2002"]
[WhiteRD "85"]
[BlackElo "1774"]
[BlackRD "72"]
[GameID "147213"]

1. d4 d5 2. c4 c6 3. Nc3 e6 4. Nf3 Bd6 5. e4 Ne7 6. Bd3 dxe4 7. Nxe4 Bc7 8. O-O O-O 9. b3 Nd7 10. Bg5 h6
11. Bh4 Qe8 12. a4 Ng6 13. Qd2 Nxh4 14. Nxh4 Qe7 15. Nf3 Rd8 16. Qe3 Nf8 17. c5 b6 18. Rfc1 Bb7 19. b4 Ng6 20. Qe2 Nf4
21. Qc2 Nd5 22. Qc4 a5 23. b5 cxb5 24. axb5 f5 25. Ned2 bxc5 26. dxc5 Nb4 27. Bxf5 Bd5 28. Qe2 Bf4 29. c6 Bxf3 30. Nxf3 Bxc1
31. Qxe6+ Kh8 32. Qxe7 Rd1+ 33. Ne1 Bg5 34. Qe5 Rd5 35. Qe6 Rxb5 36. c7 Rc5 37. Be4
1-0

[Event "Queen's Gambit"]
[Site "SchemingMind.com"]
[Date "2008.03.22"]
[Round "-"]
[White "Wolli"]
[Black "e_castle3"]
[Result "1/2-1/2"]
[WhiteCountry "GER"]
[BlackCountry "PHI"]
[WhiteElo "1886"]
[WhiteRD "75"]
[BlackElo "1745"]
[BlackRD "66"]
[GameID "147214"]

1. d4 d5 2. c4 c6 3. Nf3 Bg4 4. Qb3 b6 5. cxd5 cxd5 6. Ne5 Bh5 7. Nc3 Nf6 8. Bg5 e6 9. e3 Bd6 10. Bb5+ Kf8
11. O-O h6 12. Bf4 a6 13. Bd3 g5 14. Bg3 Kg7 15. Rac1 Bxe5 16. Bxe5 Nd7 17. f4 Nxe5 18. fxe5 Nd7 19. Rc2 Qe7 20. Rcf2 Rhf8
21. Be2 Bg6 22. Qd1 b5 23. Bh5 Bxh5 24. Qxh5 f5 25. exf6+ Nxf6 26. Qh3 Rf7 27. Ne2 Raf8 28. Ng3=
1/2-1/2

[Event "Queen's Gambit"]
[Site "SchemingMind.com"]
[Date "2008.03.22"]
[Round "-"]
[White "TRFz"]
[Black "e_castle3"]
[Result "1-0"]
[WhiteCountry "GBR"]
[BlackCountry "PHI"]
[WhiteElo "2167"]
[WhiteRD "55"]
[BlackElo "1756"]
[BlackRD "69"]
[GameID "147215"]

1. d4 d5 2. c4 c6 3. Nc3 Nf6 4. Nf3 Nbd7 5. Bg5 h6 6. Bh4 g5 7. Bg3 Bg7 8. e3 e6 9. Bd3 dxc4 10. Bxc4 Nb6
11. Bb3 O-O 12. O-O Bd7 13. Ne5 Rc8 14. Rc1 Nfd5 15. e4 Ne7 16. f4 gxf4 17. Bxf4 c5 18. dxc5 Rxc5 19. Nxf7 Rxf7 20. Bxe6 Qe8
21. Bxf7+
1-0

[Event "Queen's Gambit"]
[Site "SchemingMind.com"]
[Date "2008.03.23"]
[Round "-"]
[White "pcmvr"]
[Black "Kenny Elliott"]
[Result "1-0"]
[WhiteCountry "NED"]
[BlackCountry "USA"]
[WhiteElo "2220"]
[WhiteRD "93"]
[BlackElo "1533"]
[BlackRD "85"]
[GameID "147216"]

1. d4 d5 2. c4 e6 3. Nc3 Nf6 4. Nf3 c6 5. e3 Nbd7 6. Bd3 Bb4 7. a3 Bxc3+ 8. bxc3 O-O 9. O-O c5 10. Bb2 b6
11. Nd2 Qc7 12. cxd5 Nxd5 13. Qe2 Bb7 14. g3 Rae8 15. e4 N5f6 16. e5 Nd5 17. Ne4 f6 18. Nd6 Rd8 19. c4 Ne7 20. Nxb7 Qxb7
21. exf6 Nxf6 22. Qxe6+ Rf7 23. d5 Re8 24. Bxf6 gxf6 25. d6 Qf3 26. Be4 Qh5 27. Bc6 Nxc6 28. Qxe8+ Kg7 29. Qxc6
1-0

[Event "Queen's Gambit"]
[Site "SchemingMind.com"]
[Date "2008.03.22"]
[Round "-"]
[White "pcmvr"]
[Black "e_castle3"]
[Result "1-0"]
[WhiteCountry "NED"]
[BlackCountry "PHI"]
[WhiteElo "2237"]
[WhiteRD "93"]
[BlackElo "1756"]
[BlackRD "69"]
[GameID "147217"]

1. d4 d5 2. c4 c6 3. Nf3 Bg4 4. e3 Bxf3 5. Qxf3 Nf6 6. Bd2 e6 7. Nc3 Be7 8. Bd3 dxc4 9. Bxc4 O-O 10. O-O Nbd7
11. Rad1 Nb6 12. Be2 Rc8 13. g3 Qc7 14. e4 Rfd8 15. Bf4 Qd7 16. Rfe1 Qe8 17. Rd2 h6 18. a3 Bf8 19. Bxh6 Nxe4 20. Nxe4 f5
21. Bg5 fxe4 22. Qxe4 Rd5 23. Bg4 Rxg5 24. Bxe6+ Kh8 25. Bxc8 Qxc8 26. Qh4+ Kg8 27. Qxg5 Nd5 28. Rd3 Qd7 29. Rf3 Nc7 30. Qg6 a6
31. Re5
1-0

[Event "Queen's Gambit"]
[Site "SchemingMind.com"]
[Date "2008.03.26"]
[Round "-"]
[White "pcmvr"]
[Black "maaac"]
[Result "1-0"]
[WhiteCountry "NED"]
[BlackCountry "AUS"]
[WhiteElo "2201"]
[WhiteRD "92"]
[BlackElo "1865"]
[BlackRD "71"]
[GameID "147218"]

1. d4 d5 2. c4 e6 3. Nc3 Be7 4. Nf3 Nf6 5. Bg5 O-O 6. e3 Nbd7 7. cxd5 exd5 8. Bd3 Re8 9. Qc2 Nf8 10. h3 Ne4
11. Bxe7 Rxe7 12. Nxe4 dxe4 13. Bxe4 c5 14. O-O cxd4 15. Nxd4 Rb8 16. Rfd1 Qb6 17. a4 a5 18. Nb5 Be6 19. Rd6
1-0

[Event "Queen's Gambit"]
[Site "SchemingMind.com"]
[Date "2008.03.23"]
[Round "-"]
[White "pcmvr"]
[Black "Dr_Pat"]
[Result "1-0"]
[WhiteCountry "NED"]
[BlackCountry "USA"]
[WhiteElo "2201"]
[WhiteRD "92"]
[BlackElo "1929"]
[BlackRD "48"]
[GameID "147219"]

1. d4 d5 2. c4 c6 3. Nf3 Nf6 4. Nc3 e6 5. Bg5 h6 6. Bh4 dxc4 7. e4 g5 8. Bg3 b5 9. Be2 Bb7 10. h4 g4
11. Ne5 h5 12. O-O Nbd7 13. Qc2 Nxe5 14. Bxe5 Bg7 15. Rad1 O-O 16. Bg3 Nd7 17. f3 Qb6 18. Kh1
1-0

[Event "Queen's Gambit"]
[Site "SchemingMind.com"]
[Date "2008.03.27"]
[Round "-"]
[White "pcmvr"]
[Black "egis"]
[Result "1-0"]
[WhiteCountry "NED"]
[BlackCountry "LTU"]
[WhiteElo "2269"]
[WhiteRD "90"]
[BlackElo "1989"]
[BlackRD "81"]
[GameID "147220"]

1. d4 d5 2. c4 e6 3. Nc3 Be7 4. Nf3 Nf6 5. Bg5 h6 6. Bh4 O-O 7. e3 c6 8. Rc1 b5 9. cxb5 a6 10. bxc6 Nxc6
11. Bd3 Bb7 12. O-O a5 13. h3 Nb4 14. Be2 Ba6 15. a3 Nc6 16. Na4 Bxe2 17. Qxe2 Nb8 18. Ne5 Nfd7 19. Bxe7 Qxe7 20. Rc7 Qd6
21. Rfc1 Nxe5 22. dxe5 Qa6 23. Kf1 Qxe2+ 24. Kxe2 Na6 25. Rb7 h5 26. Rc6 Nb8 27. Rc5 Ra6 28. f4 Kh7 29. Rcc7 Kg8 30. Nc5 Rc6
31. b4 axb4 32. axb4 Rxc7 33. Rxc7 Re8 34. b5 Rd8 35. b6 g6 36. Kd3 h4 37. e4 dxe4+ 38. Kxe4 Re8 39. b7 Kf8 40. Kf3 Rd8
41. Kg4 Re8 42. Kxh4 Kg7 43. Rc8 Rh8+ 44. Kg5 Rh5+ 45. Kg4 Rh8 46. Ne4 Na6 47. Nf6 g5 48. Kxg5 Nb8 49. h4 Nc6 50. h5 Nd8
51. b8=Q
1-0

[Event "Queen's Gambit"]
[Site "SchemingMind.com"]
[Date "2008.03.23"]
[Round "-"]
[White "pcmvr"]
[Black "Wolli"]
[Result "1-0"]
[WhiteCountry "NED"]
[BlackCountry "GER"]
[WhiteElo "2220"]
[WhiteRD "93"]
[BlackElo "1846"]
[BlackRD "77"]
[GameID "147221"]

1. d4 d5 2. c4 e6 3. Nc3 Be7 4. Nf3 Nf6 5. Bg5 h6 6. Bh4 O-O 7. e3 b6 8. Bd3 Bb7 9. O-O Nbd7 10. Qe2 c5
11. Rfd1 cxd4 12. Nxd4 dxc4 13. Bxc4 Rc8 14. Bxf6 Nxf6 15. Nxe6
1-0

[Event "Queen's Gambit"]
[Site "SchemingMind.com"]
[Date "2008.03.23"]
[Round "-"]
[White "pcmvr"]
[Black "TRFz"]
[Result "1-0"]
[WhiteCountry "NED"]
[BlackCountry "GBR"]
[WhiteElo "2255"]
[WhiteRD "92"]
[BlackElo "2202"]
[BlackRD "56"]
[GameID "147222"]

1. d4 d5 2. c4 e5 3. dxe5 d4 4. Nf3 Nc6 5. g3 Bf5 6. Bg2 Qd7 7. O-O O-O-O 8. Qb3 Be7 9. Rd1 Bh3 10. Nc3 Bxg2
11. Kxg2 f6 12. exf6 Nxf6 13. Bg5 Rhe8 14. Rd2 Qf5 15. Bxf6 Bxf6 16. Nd5 h5= 17. Qb5 Qe4 18. h4 a6 19. Nxf6 gxf6 20. Qxh5 Rh8
21. Qc5 Rhe8 22. Rad1 Rd7 23. h5 Rh8 24. Rh1 Qe6 25. h6 Kb8 26. Rh4
1-0

[Event "Queen's Gambit"]
[Site "SchemingMind.com"]
[Date "2008.03.22"]
[Round "-"]
[White "Kenny Elliott"]
[Black "pcmvr"]
[Result "0-1"]
[WhiteCountry "USA"]
[BlackCountry "NED"]
[WhiteElo "1578"]
[WhiteRD "82"]
[BlackElo "2186"]
[BlackRD "110"]
[GameID "147223"]

1. d4 d5 2. c4 e6 3. Nc3 Nf6 4. Nf3 c6 5. e3 Nbd7 6. Bd3 dxc4 7. Bxc4 b5 8. Bb3 b4 9. Ne2 Bb7 10. O-O Bd6
11. Qd3 Nc5 12. Qc2 Nxb3 13. axb3 c5 14. Ne5 cxd4 15. Nxd4 Bxe5 16. Qc5 Qd5 17. Qxb4 Qxg2#
0-1

[Event "Queen's Gambit"]
[Site "SchemingMind.com"]
[Date "2008.03.22"]
[Round "-"]
[White "e_castle3"]
[Black "pcmvr"]
[Result "0-1"]
[WhiteCountry "PHI"]
[BlackCountry "NED"]
[WhiteElo "1751"]
[WhiteRD "78"]
[BlackElo "2220"]
[BlackRD "93"]
[GameID "147224"]

1. d4 d5 2. c4 e6 3. Nc3 Nf6 4. Bg5 Be7 5. e3 O-O 6. Nf3 h6 7. Bh4 b6 8. cxd5 Nxd5 9. Bxe7 Qxe7 10. Nxd5 exd5
11. Be2 Be6 12. O-O c5 13. Rc1 Nd7 14. h3 c4 15. Re1 Bf5 16. Bf1 b5 17. g4 Bh7 18. Bg2 Be4 19. b3 Rac8 20. bxc4 bxc4
21. Rc3 f5 22. Nh2 Qh4 23. f3 fxg4 24. fxe4 gxh3 25. Bf3 Rxf3
0-1

[Event "Queen's Gambit"]
[Site "SchemingMind.com"]
[Date "2008.03.25"]
[Round "-"]
[White "maaac"]
[Black "pcmvr"]
[Result "0-1"]
[WhiteCountry "AUS"]
[BlackCountry "NED"]
[WhiteElo "1865"]
[WhiteRD "71"]
[BlackElo "2201"]
[BlackRD "92"]
[GameID "147225"]

1. d4 d5 2. c4 e6 3. Nc3 Nf6 4. Nf3 c6 5. Bg5 h6 6. Bxf6 Qxf6 7. e4 dxe4 8. Nxe4 Bb4+ 9. Nc3 c5 10. Be2 Nc6
11. O-O cxd4 12. Nb5 O-O 13. a3 Be7 14. b4 Rd8 15. Qc2 a6 16. Nc7 Rb8 17. b5 Ne5 18. Rfd1 d3 19. Bxd3 Rxd3 20. Rxd3 Nxf3+
0-1

[Event "Queen's Gambit"]
[Site "SchemingMind.com"]
[Date "2008.03.22"]
[Round "-"]
[White "Dr_Pat"]
[Black "pcmvr"]
[Result "0-1"]
[WhiteCountry "USA"]
[BlackCountry "NED"]
[WhiteElo "1929"]
[WhiteRD "48"]
[BlackElo "2201"]
[BlackRD "92"]
[GameID "147226"]

1. d4 d5 2. c4 e6 3. Nc3 Nf6 4. Bg5 Be7 5. e3 O-O 6. Nf3 h6 7. Bh4 b6 8. cxd5 Nxd5 9. Bxe7 Qxe7 10. Nxd5 exd5
11. Rc1 Be6 12. Qa4 c5 13. Qa3 Rc8 14. Be2 a5 15. O-O Qa7 16. dxc5 bxc5 17. Rc3 Nd7 18. Rfc1 Rab8
0-1

[Event "Queen's Gambit"]
[Site "SchemingMind.com"]
[Date "2008.03.27"]
[Round "-"]
[White "egis"]
[Black "pcmvr"]
[Result "0-1"]
[WhiteCountry "LTU"]
[BlackCountry "NED"]
[WhiteElo "1989"]
[WhiteRD "81"]
[BlackElo "2269"]
[BlackRD "90"]
[GameID "147227"]

1. d4 d5 2. c4 e6 3. Nc3 Nf6 4. Bg5 Be7 5. e3 O-O 6. Nf3 h6 7. Bxf6 Bxf6 8. Bd3 c6 9. O-O Nd7 10. b3 b6
11. a4 Bb7 12. Bc2 Qe7 13. Qd3 g6 14. Nd2 e5 15. cxd5 cxd5 16. Bd1 exd4 17. exd4 Qb4 18. Nf3 Rac8 19. Rc1 Rfe8 20. Na2 Qa3
21. Qb5 Rxc1 22. Nxc1 Qxc1 23. Qxd7 Re7 24. Qd8+ Kg7 25. Qb8 Qc3 26. b4 Qxb4 27. Qxa7 Qc4 28. Qxb6 Ba6 29. Nd2 Qd3 30. Bf3 Bxd4
31. Qb4 Rb7 32. Qa5 Rb2 33. Rd1 Bb6 34. Qxd5 Rxd2 35. Qxd3 Bxf2+ 36. Kh1 Rxd3 37. Rxd3 Bxd3 38. Bc6 f5 39. h3 f4 40. Bb7 Be1
41. Bc6 Kf6 42. Kg1 Ke5 43. Bb5 Be4 44. Kf1 Bc3 45. Be2 Kd6 46. Kg1 Kc5 47. Bb5 Bd4+ 48. Kf1 Kb4 49. Bd7 g5 50. Be8 Kc3
51. Bd7 h5 52. Bb5 Bd3+ 53. Ke1 Bxb5 54. axb5 Kd3 55. Kd1 g4 56. Ke1 gxh3 57. gxh3 f3 58. b6 f2+ 59. Kf1 Bxb6
0-1

[Event "Queen's Gambit"]
[Site "SchemingMind.com"]
[Date "2008.03.22"]
[Round "-"]
[White "Wolli"]
[Black "pcmvr"]
[Result "0-1"]
[WhiteCountry "GER"]
[BlackCountry "NED"]
[WhiteElo "1886"]
[WhiteRD "75"]
[BlackElo "2255"]
[BlackRD "92"]
[GameID "147228"]

1. d4 d5 2. c4 e6 3. Nc3 Nf6 4. Bg5 Be7 5. Nf3 h6 6. Bh4 O-O 7. e3 b6 8. Be2 Bb7 9. Bxf6 Bxf6 10. cxd5 exd5
11. O-O Nd7 12. b4 c5 13. bxc5 bxc5 14. Rc1 c4 15. Rb1 Bc6 16. Qd2 Re8 17. Nb5 a6 18. Nd6 Re6 19. Nf5 h5 20. Ng3 g6
21. Rfe1 h4 22. Nf1 Rb8 23. Rb2 Rxb2 24. Qxb2 Qa5 25. Rb1 c3 26. Qc2 Ba4 27. Qc1 c2 28. Rb7 Qc3 29. N1d2 Be7
0-1

[Event "Queen's Gambit"]
[Site "SchemingMind.com"]
[Date "2008.03.22"]
[Round "-"]
[White "TRFz"]
[Black "pcmvr"]
[Result "1/2-1/2"]
[WhiteCountry "GBR"]
[BlackCountry "NED"]
[WhiteElo "2202"]
[WhiteRD "56"]
[BlackElo "2255"]
[BlackRD "92"]
[GameID "147229"]

1. d4 d5 2. c4 e6 3. Nc3 Nf6 4. Bg5 Be7 5. e3 O-O 6. Nf3 h6 7. Bh4 b6 8. cxd5 Nxd5 9. Nxd5 exd5 10. Bxe7 Qxe7
11. Rc1 Bb7 12. Qa4 c5 13. Qa3 Rc8 14. Bd3 a5 15. O-O Na6 16. Bb1 Nb4 17. Qc3 Ba6 18. Rfe1 c4 19. Ne5 Nd3 20. Bxd3 cxd3
21. Qd2 Qb4 22. Rc3 Qa4 23. Nxd3=
1/2-1/2

[Event "Queen's Gambit"]
[Site "SchemingMind.com"]
[Date "2008.03.22"]
[Round "-"]
[White "fjpv"]
[Black "pcmvr"]
[Result "1-0"]
[WhiteCountry "POR"]
[BlackCountry "NED"]
[WhiteElo "2399"]
[WhiteRD "82"]
[BlackElo "2246"]
[BlackRD "93"]
[GameID "147237"]

1. d4 d5 2. c4 e6 3. Nc3 Nf6 4. Nf3 Be7 5. cxd5 exd5 6. g3 O-O 7. Bg2 c6 8. O-O Bf5 9. Nh4 Be6 10. Qc2 Qb6
11. Rd1 Re8 12. Nf5 Bxf5 13. Qxf5 Na6 14. a4 Rad8 15. a5 Qb3 16. Qb1 Nc7 17. Be3 Ng4 18. Rd3 Nxe3 19. Nxd5 Qxd5 20. Bxd5 Nexd5
21. Rb3 Nb5 22. a6 b6 23. e3 Bf6 24. Qc2 Rc8 25. Qd3 Nd6 26. Re1 Nc7 27. Rc3 Ncb5 28. Rcc1 c5 29. dxc5 bxc5 30. b3 h6
31. Re2 Rc6 32. Rec2 Rxa6 33. Rxc5 Rb6 34. Rc6 Reb8 35. Rxb6 Rxb6 36. Rc5 Bb2 37. Rd5 f6 38. e4 a6 39. Kg2 Kf8 40. f4 Ne8
41. e5 fxe5 42. Qc2 Ba3 43. fxe5 Rb7 44. Rd2 Rc7 45. Qe4 Rf7 46. Qc4 Be7 47. Rd7
1-0

[Event "Queen's Gambit"]
[Site "SchemingMind.com"]
[Date "2008.03.22"]
[Round "-"]
[White "fjpv"]
[Black "Kenny Elliott"]
[Result "1-0"]
[WhiteCountry "POR"]
[BlackCountry "USA"]
[WhiteElo "2332"]
[WhiteRD "88"]
[BlackElo "1533"]
[BlackRD "85"]
[GameID "147238"]

1. d4 d5 2. c4 c6 3. Nf3 Nf6 4. e3 Bf5 5. Nc3 e6 6. Nh4 Bb4 7. Nxf5 exf5 8. Qb3 Bxc3+ 9. bxc3 b6 10. Ba3 Nbd7
11. Bd3 f4 12. O-O c5 13. exf4 O-O 14. cxd5 Re8 15. Rfe1 Qc7 16. g3 Qd6 17. Bb5 Re7 18. c4 Rae8 19. Re5 Ng4 20. Rxe7 Rxe7
21. Bxd7 Qxd7 22. dxc5 Re2 23. Qf3 Rc2 24. d6 h5 25. c6 Qe6 26. d7 Rd2 27. Rd1 Rxd1+ 28. Qxd1 Qxc6 29. d8=Q+ Kh7 30. Qc2+ g6
31. Bb2
1-0

[Event "Queen's Gambit"]
[Site "SchemingMind.com"]
[Date "2008.03.22"]
[Round "-"]
[White "fjpv"]
[Black "e_castle3"]
[Result "1-0"]
[WhiteCountry "POR"]
[BlackCountry "PHI"]
[WhiteElo "2322"]
[WhiteRD "88"]
[BlackElo "1774"]
[BlackRD "75"]
[GameID "147239"]

1. d4 d5 2. c4 c6 3. Nf3 Bg4 4. Ne5 Bh5 5. g4 Bg6 6. Nc3 e6 7. cxd5 exd5 8. h4 f6 9. Nxg6 hxg6 10. Qc2 Kf7
11. h5 Ne7 12. hxg6+ Nxg6 13. Rxh8 Nxh8 14. e4 Bb4 15. Qb3 Qe7 16. Be3 Qd6 17. O-O-O Nd7 18. exd5 Kf8 19. Ne4 Qe7 20. Ng3 c5
21. Nf5 Qe4 22. a3 Ba5 23. Qa4
1-0

[Event "Queen's Gambit"]
[Site "SchemingMind.com"]
[Date "2008.03.25"]
[Round "-"]
[White "fjpv"]
[Black "maaac"]
[Result "1-0"]
[WhiteCountry "POR"]
[BlackCountry "AUS"]
[WhiteElo "2332"]
[WhiteRD "88"]
[BlackElo "1881"]
[BlackRD "76"]
[GameID "147240"]

1. d4 d5 2. c4 e6 3. Nc3 Be7 4. Nf3 Nf6 5. g3 O-O 6. cxd5 exd5 7. Bg2 c6 8. O-O Bf5 9. Nh4 Bg6 10. Nxg6 hxg6
11. Re1 Nbd7 12. Bf4 Nh5 13. Bd2 Nb6 14. e4 dxe4 15. Qb3 Qxd4 16. Rxe4 Qxd2 17. Rxe7 Rab8 18. Re2 Qg5 19. Qa3 a6 20. Qb4 Nd7
21. Ne4 Qb5 22. Qd2 Nhf6 23. Nd6 Qb6 24. Rd1 Nc5 25. Re7 a5 26. Qe3 Qb4 27. a3 Qb6 28. Rd2 Ng4 29. Qf4 f5 30. Bf1 Nf6
31. Bc4+ Nd5 32. Rxd5
1-0

[Event "Queen's Gambit"]
[Site "SchemingMind.com"]
[Date "2008.03.22"]
[Round "-"]
[White "fjpv"]
[Black "Dr_Pat"]
[Result "1-0"]
[WhiteCountry "POR"]
[BlackCountry "USA"]
[WhiteElo "2322"]
[WhiteRD "88"]
[BlackElo "1929"]
[BlackRD "48"]
[GameID "147241"]

1. d4 d5 2. c4 c6 3. Nf3 Nf6 4. Nc3 e6 5. e3 Nbd7 6. Bd3 dxc4 7. Bxc4 b5 8. Bd3 a6 9. e4 c5 10. d5 c4
11. Bc2 Qc7 12. dxe6 fxe6 13. O-O Bc5 14. e5 Nxe5 15. Bf4 Bd6 16. Bxe5 Bxe5 17. Nxe5 Qxe5 18. Re1 Qc7 19. Nd5 Qc5 20. Nxf6+ gxf6
21. Qf3
1-0

[Event "Queen's Gambit"]
[Site "SchemingMind.com"]
[Date "2008.03.27"]
[Round "-"]
[White "fjpv"]
[Black "egis"]
[Result "1-0"]
[WhiteCountry "POR"]
[BlackCountry "LTU"]
[WhiteElo "2349"]
[WhiteRD "87"]
[BlackElo "2029"]
[BlackRD "75"]
[GameID "147242"]

1. d4 d5 2. c4 dxc4 3. e3 Nf6 4. Nf3 Bg4 5. Bxc4 e6 6. Qb3 Bxf3 7. gxf3 b6 8. Nc3 Bd6 9. e4 Nfd7 10. e5 Be7
11. Be3 O-O 12. Qc2 a5 13. O-O-O c5 14. d5 exd5 15. Bxd5 Ra6 16. Rhg1 Nxe5 17. Bf4 Ned7 18. Bc4 Ra7 19. Nb5 Ra6 20. Bxb8 Qxb8
21. Rxd7 Qxh2 22. Re1 Bg5+ 23. Kb1 Raa8 24. Nd6 Bf6 25. Nxf7 Qh4 26. f4 Qh5 27. Qe4 Rab8 28. Rh1 Qxh1+ 29. Qxh1 Rxf7 30. Rxf7 Kh8
31. Bd3
1-0

[Event "Queen's Gambit"]
[Site "SchemingMind.com"]
[Date "2008.03.22"]
[Round "-"]
[White "fjpv"]
[Black "Wolli"]
[Result "1-0"]
[WhiteCountry "POR"]
[BlackCountry "GER"]
[WhiteElo "2349"]
[WhiteRD "87"]
[BlackElo "1868"]
[BlackRD "76"]
[GameID "147243"]

1. d4 d5 2. c4 e6 3. Nc3 Be7 4. Nf3 Nf6 5. Bg5 h6 6. Bxf6 Bxf6 7. e3 O-O 8. Qb3 c6 9. Bd3 Nd7 10. O-O Qb6
11. Qc2 dxc4 12. Bxc4 Re8 13. Bd3 e5 14. Ne4 exd4 15. exd4 Be7 16. Rfe1 Qc7 17. d5 Bb4 18. Nc3 Nf6 19. Rxe8+ Nxe8 20. dxc6 bxc6
21. Re1 Be6 22. Nd4 Bd7 23. Nd5 Qb7 24. Nxb4 Qxb4 25. Bh7+ Kf8 26. Nf3 Nf6 27. a3 Qf4 28. Qc5+
1-0

[Event "Queen's Gambit"]
[Site "SchemingMind.com"]
[Date "2008.03.22"]
[Round "-"]
[White "fjpv"]
[Black "TRFz"]
[Result "1/2-1/2"]
[WhiteCountry "POR"]
[BlackCountry "GBR"]
[WhiteElo "2399"]
[WhiteRD "82"]
[BlackElo "2185"]
[BlackRD "58"]
[GameID "147244"]

1. d4 d5 2. c4 e5 3. dxe5 d4 4. Nf3 Nc6 5. g3 Bf5 6. Bg2 Qd7 7. O-O O-O-O 8. Qb3 Be7 9. Rd1 Bh3 10. Nc3 Bxg2
11. Kxg2 f6 12. exf6 Nxf6 13. Nb5 h5 14. Bf4 h4 15. Bxc7 hxg3 16. Bxg3 Ne4 17. Rxd4 Qh3+ 18. Kg1 Rxd4 19. Nfxd4 Bc5 20. Rd1 a6
21. Qf3 Nxg3 22. Qxg3 Qxg3+ 23. hxg3 Rd8 24. Rd3 Nxd4 25. Nxd4 Rxd4 26. Rxd4 Bxd4 27. b3 Kd7 28. e3 Bc5 29. Kf1 Ke6 30. Ke2 Kf5
31. f3 Bd6 32. Kf2 g5 33. g4+ Ke5 34. Ke2 Ba3 35. Kd3 Bc5= 36. Ke2 Bb4 37. Kd3 Bc5 38. Ke2 Bb4 39. Kd3=
1/2-1/2

[Event "Queen's Gambit"]
[Site "SchemingMind.com"]
[Date "2008.03.22"]
[Round "-"]
[White "pcmvr"]
[Black "fjpv"]
[Result "1/2-1/2"]
[WhiteCountry "NED"]
[BlackCountry "POR"]
[WhiteElo "2269"]
[WhiteRD "94"]
[BlackElo "2405"]
[BlackRD "81"]
[GameID "147245"]

1. d4 d5 2. c4 dxc4 3. Nf3 Nf6 4. e3 g6 5. Bxc4 Bg7 6. O-O O-O 7. Nc3 Nc6 8. e4 Bg4 9. Be3 Bxf3 10. gxf3 Qc8
11. e5 Na5 12. exf6 Bxf6 13. Be2 e6 14. Qa4 Nc6 15. Ne4 Bg7 16. Rfd1 Ne7 17. Qb3 a5 18. Rac1 a4 19. Qa3 Nd5 20. Bc4 c6
21. Bg5 h6 22. Bh4 f5 23. Bxd5 exd5 24. Nc3 f4 25. Be7 Rf7 26. Bd6 Qf5 27. Kh1 Rf6 28. Qb4 Qh3 29. Rd3 Qf5 30. Rcd1 Re8
31. Nxa4 Rfe6 32. Be5 Bxe5 33. dxe5 Rxe5 34. Qc3 Re2 35. Rg1 Rxf2 36. Rd2 Rxd2 37. Qxd2 Re3 38. Qa5 Kf7 39. Qc7+ Re7 40. Qd6 Rd7
41. Qb4 Re7 42. Nc3= g5 43. Rf1 h5 44. Qd4 b5 45. a3 Re3 46. Qb6 Qh3 47. Kg1 Rxf3 48. Qc7+ Kg8 49. Qd8+ Kf7 50. Rxf3 Qxf3
51. Qd7+ Kg8 52. Qe6+= Kg7 53. Qe7+ Kg6 54. Qe6+ Kg7 55. Qe7+ Kg6=
1/2-1/2